LDR 00951naa#a2200181#i#450# 001 RU\\bibl\19472 005 20260516094346.6 100 ## _a20260515b2026####ek#y0rusy0150####ca 102 ## _aRU 200 1# _aСУКЦЕССИОННАЯ ДИНАМИКА ФЛОРИСТИЧЕСКОГО СОСТАВА ПОЙМЕННЫХ ЛЕСОВ С ДОМИНИРОВАНИЕМ КЛЁНА АМЕРИКАНСКОГО _eСтатья/тезисы конференции 210 1# _aВоронеж _cВоронежский государственный лесотехнический университет имени Г.Ф. Морозова _d2026 215 ## _a6 с. 608 ## _aСтатья/тезисы конференции _2local 675 ## _aВлияние растений. 58.072 _z 700 #1 _aКирик _gА. И. 700 #1 _aПопова _gВалентина Трофимовна 700 #1 _aПарахневич _gТатьяна Михайловна 856 4# _abibl.vgltu.ru _u